000 00804nam a2200253Ia 4500
003 OSt
005 20220918170632.0
006 a|||||r|||| 00| 0
007 ta
008 220917b |||||||| |||| 00| 0 eng d
020 _a9780415483483 (hbk)
_c3913.58
024 _a260,161
037 _b651, 24/01/2012, Bright Book Service
_cTextual
040 _aARTS
_cARTS
_beng
041 _2eng
_aeng
082 _aS:f, Q1
100 _aReavey Paula Ed.
_930169
245 0 _aVisual methods in psychology
_b Using and interpreting images in qualitative research
260 _aNew York
_bPsychology Press U.S.A
_c2011
300 _axli, 370p.
_ccm.
650 _aPSYCHOLOGY
942 _hS:f, Q1
_cTEXL
_2CC
999 _c134999
_d134999